LDR 00829naa#a2200193#i#450# 001 RU\INFRA-M\bibl\110137 005 20260514105321.4 011 ## _a2305-7807 100 ## _a20251025b2025####ek#y0rusy0150####ca 102 ## _aRU 200 1# _aКОМПЛЕКС МЕР ПО ПРЕДОТВРАЩЕНИЮ СТРЕССА У ПРЕПОДАВАТЕЛЕЙ _eЖурнальная статья 210 1# _aМосква _cОбщество с ограниченной ответственностью «Научно-издательский центр ИНФРА-М» _d2025 215 ## _a3 с. 608 ## _aЖурнальная статья _2local 675 ## _aПсихологические вопросы. 65.013 _z 700 #1 _aТоченова _gМ. С. 700 #1 _aФилиппова _gА. А. 700 #1 _aБеликова _gД. В. 856 4# _anaukaru.ru _u